000
00339pam a2200157a 44500
008
230515b1960 xxu||||| |||| 00| 0 eng d
020
_a
1
041
_a
MARATHI
082
_a
1
100
_a
KALOKHE
245
_a
AGNIMADYA (DYSPEPSIA)
250
_a
1
260
_a
NA
_b
N.D.
_c
1960
300
_a
100
650
_a
AGNIMADYA (DYSPEPSIA)
999
_c
496962
_d
496962